El cine mexicano de Luis Buñuel : estudio analítico de los argumentos y personajes /

Luis Buñuel (Calanda, provincia de Teruel, 1900 – Ciudad de México, 1983) ha sido calificado en numerosas ocasiones como el máximo creador del cine hablado en español y uno los artistas más originales del siglo XX. El cineasta desarrolló su filmografía en tres naciones –su España natal, México y Fra...

وصف كامل

محفوظ في:
التفاصيل البيبلوغرافية
المؤلف الرئيسي: Avila Dueñas, Iván Humberto (autor)
التنسيق: كتاب
اللغة:الإسبانية
منشور في: México : Instituto Mexicano de Cinematografía : CONACULTA, 1994, c1993
الموضوعات:
الوسوم: إضافة وسم
لا توجد وسوم, كن أول من يضع وسما على هذه التسجيلة!

MARC

LEADER 00000nam^a2200000^a^4500
001 000049223
005 20250521000000.0
009 20260310090155.729
020 |a 968-29-6205-6 
037 |a Acervo ITESO - Biblioteca 
041 |a ESP 
082 |a 302. 2350972  |b AVI 
100 |a Avila Dueñas, Iván Humberto  |e (autor) 
245 1 3 |a El cine mexicano de Luis Buñuel :  |b estudio analítico de los argumentos y personajes /  |c I.H. Avila Dueñas. 
264 4 |a México :  |b Instituto Mexicano de Cinematografía :  |b CONACULTA,  |c 1994, c1993 
300 |a 299 p. 
336 |a texto  |b txt  |2 rdacontenido 
337 |a sin mediación  |b n  |2 rdamedio 
338 |a volumen  |b nc  |2 rdasoporte 
520 |a Luis Buñuel (Calanda, provincia de Teruel, 1900 – Ciudad de México, 1983) ha sido calificado en numerosas ocasiones como el máximo creador del cine hablado en español y uno los artistas más originales del siglo XX. El cineasta desarrolló su filmografía en tres naciones –su España natal, México y Francia- a lo largo de los 48 años que median entre Un perro andaluz (1929), título clásico del surrealismo, y Ese oscuro objeto del deseo (1977). La edad de oro (1930) y Las Hurdes/Tierra sin pan (1932) preceden al estallido de la Guerra Civil en España y a la consecuente partida de Buñuel, primero a Estados Unidos y después a México. Los olvidados (1950, premio a la Mejor Dirección en el Festival de Cannes de 1951 y película registrada en el Programa Memoria del Mundo de la UNESCO), Susana (1950), Subida al cielo (1951), El bruto (1952), Robinson Crusoe (1952), El (1952), La ilusión viaja en tranvía (1953), Ensayo de un crimen (1955), Nazarín (1958, Premio Internacional del Jurado en el Festival de Cannes de 1959), Viridiana (1961, Palma de Oro a la mejor película en el Festival de Cannes), El angel exterminador (1962) y Simón del desierto (1964) se cuentan entre sus mejores contribuciones al cine mexicano. El diario de una recamarera (1963), Bella de día (1966, León de Oro a la mejor película en el Festival de Venecia de 1967), Tristana (1969) y El discreto encanto de la burguesía (1972) sobresalen, por su parte, en la etapa francesa de Buñuel. 
520 |a Iván Avila (Zacatecas, 1965), cineasta que desarrolló parte de su formación fílmica en Guadalajara, presenta una relectura detallada de catorce de las 21 películas de Buñuel producidas en México o coproducidas con participación mexicana. Avila, quien presentó estre trabajo para obtener la Licenciatura en Ciencias de la Comunicación en la Universidad del Valle de Atemajac (UNIVA), provee la ficha técnica, sinopsis, datos sobre la producción, detalles sobresalientes y el análisis de personajes y argumento de cada una de las películas seleccionadas, en busca de nuevos significados y de las constantes de una filmografía –como la de Buñuel- colmada de sugerencias estéticas. 
649 |a XX 
650 |a Cineastas Españoles 
650 |a Cine Mexicano -  |x Historia y Crítica -  |x Tema Principal 
650 |a Cine Mexicano -  |y Siglo XX 
650 |a Buñuel, Luis -  |x Tema Principal 
910 |a Fondo General 
920 |a Impresos - Libros 
930 |a Colección General 
905 |a 101 
901 |a 0500005268  |b IT1  |c ACC  |u 20250521 
902 |a https://opac.biblio.iteso.mx/vufind/Record/000049223